000 01150nam a2200349 i 4500
003 OSt
005 20211129095703.0
008 211128t20122020cc g 000 f chi d
020 _a9787544298995
_cRM67.00
_qhardback
040 _aPPAK
_beng
_cPPAK
_erda
041 1 _achi
_hjpn
082 0 4 _223
_a895.636
090 0 0 _a895.636
_bHIG
_dG
100 1 _6880-01
_aHigashino, Keigo,
_d1958-
_eauthor.
240 _aNamiya zakkaten no kiseki
_lChinese.
245 1 0 _6880-02
_aJie you za huo dian /
_c(ri)Dong ye gui wu zhu ; Li ying chun yi.
250 _aFirst edition
264 1 _aHaikou:
_bNanhai Publishing Company,
_c2020
264 4 _c©2012
300 _a309 pages ;
_c21 cm.
336 _2rdacontent
_atext
337 _2rdamedia
_aunmediated
338 _2rdacarrier
_avolume
490 1 _6880-03
_aXin jing dian wen ku ;
_v39
650 1 0 _aJapanese fiction
_vTranslations into Chinese
700 1 _aLi, Yingchun,
_etranslator.
830 0 _aXin jing dian wen ku ;
_n39
880 1 _6100-01
_a东野圭吾,
_e作者.
880 1 0 _6245-02
_a解忧杂货店
_c东野圭吾
880 1 _6490-03
_a新经典文库 ;
_v39
942 _2ddc
_cB
999 _c186284
_d186284